BIBLIOTHÈQUE DE LA MAISON DU MEXIQUE

Logo 1 Logo 2

Tina Modotti (notice nᵒ 6)

détails MARC
000 -Sello discográfico
campo de control de longitud fija 00870nam a2200277 4500
005 - Identificación de versión
campo de control 20260224110756.0
010 ## - Número Estándar Internacional de Libros (ISBN)
Número (ISBN) 2-911966-16-3
035 ## - Otros números de control del sistema
Número de control del sistema 27571
099 ## - fechas locales
Tipo de ítem Koha LIBRO
100 ## - Datos de procesamiento general
Datos de procesamiento general 20010102d1999 m y1spay5003 ba
101 1# - Idioma del recurso
Idioma del texto, banda sonora, etc. Francés
Idioma de la obra original Italiano
105 ## - Campo de datos codificados: Material textual, monográfico
Datos codificados de monografía a 001zy
200 1# - Título y mención de responsabilidad
Título propio Tina Modotti
Designación general del material texto impreso
Otra información del título une flamme pour l'éternite
Primer mención de responsabilidad Riccardo Toffoletti
Declaración de responsabilidad subsiguiente traduction Françoise Liffran
210 ## - Publicación, distribución, etc.
Lugar de publicación, distribución, etc. Paris
Nombre del editor, distribuidor, etc. En Vues
Fecha de publicación, distribución, etc. 1999
215 ## - Descripción física
Designación de material específico y extensión del ítem 154 p
Otras características físicas principalmente fot.
Dimensiones 31 cm
345 ## - Nota de información de adquisición
Fuente de adquisición/dirección de la suscripción [OBSOLETO] Donación
454 ## - Traducción de
Título Tina Modotti, perché non muore il fuoco
600 ## - Nombre personal usado como materia
Elemento de entrada Modotti
Parte del nombre distinta del elemento de entrada Tina
Fechas 1896-1942
Número Koha 14
606 ## - Término temático usado como materia
Elemento de entrada Fotógrafos
Subdivisión temática Biografía
Número Koha 15
700 ## - Nombre personal - Responsabilidad primaria
Elemento de entrada Toffoletti
Parte del nombre distinta del elemento de entrada Riccardo
Número Koha 16
702 ## - Nombre personal - Responsabilidad secundaria
Elemento de entrada Liffran
Parte del nombre distinta del elemento de entrada Françoise
Número Koha 17
801 #0 - Fuente de origen
País FR
Agencia cm
Reglas de catalogación (convenciones descriptivas) AFNOR
942 ## - ELEMENTOS DE ENTRADA SECUNDARIOS (KOHA)
Tipo de ítem Koha Livre
Exemplaires
Estatus retirado Estado de daño Estado de pérdida Fuente de la clasificación o esquema de estantería Fecha de adquisición Biblioteca de origen Biblioteca actual Código de barras Precio de reemplazo Signatura topográfica completa No para préstamo Tipo de ítem Koha Nota no pública
      Clasificación Decimal Dewey 24/02/2026 Casa México Paris Casa México Paris 001247 24/02/2026 F770.92 M692t No se presta a domicilio Livre 751145101